000 00642nam a2200241Ia 4500
003 GCL
008 140319s9999 xx 000 0 ara d
020 _a086356 112 8
040 _aGCL /
_cGCL
082 0 4 _a892.71008
_bM V
100 1 _aMAHMUD, DARWISH
245 1 0 _aVICTIMS OF A MAP /
_cMAHMUD, DARWISH
700 1 _aSAMEH, AL-QASIM
700 1 _aADONIS
700 1 _aABDULLAH, AL-UDHARI
260 _aانجلترا :
_bAL SAQI BOOKS ،
_c1984
300 _a20 CM ؛
_c168 P
650 0 4 _aLITERATURE
650 0 4 _aARABIC POETRY
650 0 4 _aARABIC LITERATURE - TRANSLATION
650 0 4 _aARABIC LITERATURE
942 _2ddc
_cBK
999 _c6590
_d6590